00727nam a2200205 a 450000500170000000800410001702000180005804000500007604100080012610000170013424500850015126000390023630000330027550400530030860000400036165000220040165000390042365000320046265100270049420150818113723.0150818s2007 sp o fr 00110 spa d a9788483067307 aCO-BoUCMbspacSandra PalaciodSandra Palacio0 aspa1 aDíez, Luis10aBayo bel general que adiestró a la guerrilla de Castro y el Che cLuis Díez aBarcelona (España)bDebatec2007 a286 páginasbfotografías aIncluye referencias bibliográficas e índices14aBayo Giroud, Albertov Biografías 7aGuerrillas zCuba 7aMovimientos revolucionarios zCuba 7aMovimientos sociales zCuba 6aCubax Historiay 1959